[Event "BRA-ch sf-A"]
[Site "Guarapari"]
[Date "2012.11.01"]
[Round "1"]
[White "Schutt, Ricardo de Amorim"]
[Black "Souza, Antonio da Silva Jr"]
[Result "1-0"]
[WhiteElo "2150"]
[BlackElo "1783"]
[PlyCount "83"]
[EventDate "2012.11.01"]
[EventType "swiss"]
[EventRounds "7"]
[EventCountry "BRA"]
[SourceTitle "EXT 2013"]
[Source "ChessBase"]
[SourceDate "2012.11.22"]
[SourceVersion "1"]
[SourceVersionDate "2012.11.22"]
[SourceQuality "1"]

1. e4 c5 2. Nf3 Nc6 3. Nc3 g6 4. d4 cxd4 5. Nxd4 Bg7 6. Be3 Qb6 7. Nb3 Qb4 8. Qd3 Ne5 9. Qb5 Nf3+ 10. gxf3 Bxc3+ 11. bxc3 Qxc3+ 12. Kd1 Nf6 13. Qc5 Qxc5 14. Bxc5 d6 15. Bb5+ Bd7 16. Bxd7+ Nxd7 17. Bd4 e5 18. Be3 Nf6 19. Ke2 b6 20. Rhd1 Ke7 21. c4 Ke6 22. a4 Nd7 23. a5 Rhc8 24. axb6 axb6 25. Rxa8 Rxa8 26. Ra1 Rxa1 27. Nxa1 Nc5 28. Bxc5 dxc5 29. Nb3 f5 30. Nc1 f4 31. Na2 h5 32. Nc3 Kd6 33. Nd5 g5 34. Nf6 Ke6 35. Nxh5 Kf7 36. Kd3 Kg6 37. Ng3 fxg3 38. fxg3 Kf6 39. Kc3 Ke6 40. Kb3 Kd6 41. Ka4 Kc6 42. h4 1-0

[Event "BRA-ch sf-A"]
[Site "Guarapari"]
[Date "2012.11.01"]
[Round "2"]
[White "Souza, Antonio da Silva Jr"]
[Black "Rezende, Guilherme Vilela"]
[Result "0-1"]
[WhiteElo "1783"]
[BlackElo "2019"]
[PlyCount "104"]
[EventDate "2012.11.01"]
[EventType "swiss"]
[EventRounds "7"]
[EventCountry "BRA"]
[SourceTitle "EXT 2013"]
[Source "ChessBase"]
[SourceDate "2012.11.22"]
[SourceVersion "1"]
[SourceVersionDate "2012.11.22"]
[SourceQuality "1"]

1. e4 c5 2. Nf3 e6 3. Nc3 a6 4. d4 cxd4 5. Nxd4 Qc7 6. Be3 Bb4 7. Bd2 Nf6 8. Bd3 Nc6 9. Nb3 Ne5 10. a3 Be7 11. Be2 d5 12. f4 Nc4 13. e5 Nd7 14. Bxc4 dxc4 15. Nd4 b5 16. Qg4 g6 17. 0-0 Bb7 18. Nce2 Nc5 19. Bb4 Qb6 20. Kh1 h5 21. Qh3 a5 22. Be1 h4 23. Nf3 Ne4 24. Nc3 0-0-0 25. Nxe4 Bxe4 26. Bf2 Qb7 27. Be1 Bf5 28. g4 hxg3 29. Qxg3 Rh3 30. Qg2 Rdh8 31. Bg3 Be4 32. Rae1 R8h5 33. Re3 Bd5 34. b3 Rh8 35. bxc4 bxc4 36. Ree1 Bc5 37. Re2 R3h7 38. c3 Qc6 39. Rb2 Kc7 40. Qe2 Rh3 41. Kg2 Be4 42. Qxc4 Rxh2+ 43. Bxh2 Rxh2+ 44. Kxh2 Bg1+ 45. Nxg1 Qxc4 46. Ne2 Bd3 47. Rf2 Qc5 48. Nd4 g5 49. fxg5 Qxe5+ 50. Kh1 Be4+ 51. Kg1 Qxg5+ 52. Kf1 Qc1+ 0-1